| 000 | 00386 a2200169 4500 | ||
|---|---|---|---|
| 001 | 189770 | ||
| 020 | _a978-85-357-1144-8 | ||
| 040 | _cMagnum | ||
| 100 | _aLadeira, Julieta de Godoy | ||
| 240 | 1 | 0 |
_aAs latinhas também amam _lpor |
| 245 | 1 | 0 | _aAs latinhas também amam |
| 300 | _a52 | ||
| 362 | 0 | _a2009 | |
| 440 | 1 | _aAtual | |
| 697 | _aLITERATURA INFANTO-JUVENIL | ||
| 942 | _cBK | ||
| 999 |
_c189770 _d189770 |
||